| 000 | 00928cab a22002175a 4500 | ||
|---|---|---|---|
| 001 | L138810 | ||
| 008 | 070712e20070707xxko f 000 0 eng d | ||
| 035 | _a(Sirsi) u138810 | ||
| 041 | 0 | _aeng | |
| 100 | 1 | _aBarnard, Lucy | |
| 245 | 0 | 0 |
_aEG _bcareers |
| 260 | _c2007 | ||
| 490 |
_aEstates Gazette _v(0727) 7 July 2007, 107-125(13) |
||
| 520 | _aReports on issues and the benefits to UK surveyors' careers of working abroad. Compares the benefits to career experience of working in small surveying firms over large ones. RICS plans to introduce courses in skills such as relationship management to combat surveyors' perceived lack of people skills. Retired surveyors are often in demand from firms who want to help them improve the skills of younger staff. | ||
| 590 | _aKA | ||
| 651 | 4 |
_aUnited Kingdom _y |
|
| 690 | _aCAREERS, EDUCATION AND TRAINING | ||
| 700 | 1 | _aOsborne, Helen | |
| 700 | 1 | _aScott, Lucy | |
| 942 | _n0 | ||
| 999 |
_c78995 _d78995 |
||